000 01470nam a2200229 a 4500
008 120416s0000 ||||||||||||||||| || u
020 _a0500200874
050 _aNA 260 Jor
100 _aJordan, R. Furneux
245 1 0 _aWestern architecture
246 _aa concise history
260 _aLondon
_bTHamed and Hudson
_c1969
300 _a359p. : ill.
350 _a0.00
995 _aTEXTBOOKS (SBE)
_D0.00
_e5415
_FCBU-SCHOOL TEXTBOOK COLLECTIONS
_H1
_I0.00
_jSCHOOL TEXTBOOK
_M5
_UAVAILABLE
_WSep 8, 2009
_y5415
_ZSchool Collections
995 _aMAIN LIBRARY OPEN ACCESS
_D0.00
_e718074
_FCBU-MAIN LIBRARY (Kitwe)
_H1
_I3.95
_jNA 260 Jor
_UAVAILABLE
_y009840
_ZMain Library Open Access Collection
995 _aTEXTBOOKS (SBE)
_D0.00
_e5414
_FCBU-SCHOOL TEXTBOOK COLLECTIONS
_H1
_I0.00
_jSCHOOL TEXTBOOK
_M4
_UAVAILABLE
_WSep 8, 2009
_y5414
_ZSchool Collections
995 _aTEXTBOOKS (SBE)
_D0.00
_e5413
_FCBU-SCHOOL TEXTBOOK COLLECTIONS
_H1
_I0.00
_jSCHOOL TEXTBOOK
_M3
_UAVAILABLE
_WSep 8, 2009
_y5413
_ZSchool Collections
995 _aTEXTBOOKS (SBE)
_D0.00
_e5416
_FCBU-SCHOOL TEXTBOOK COLLECTIONS
_H1
_I0.00
_jSCHOOL TEXTBOOK
_M6
_UAVAILABLE
_WSep 8, 2009
_y5416
_ZSchool Collections
995 _aMAIN LIBRARY OPEN ACCESS
_D0.00
_e719397
_FCBU-MAIN LIBRARY (Kitwe)
_H2
_I3.95
_jNA 260 Jor
_M1
_UAVAILABLE
_y009839
_ZMain Library Open Access Collection
995 _aTEXTBOOKS (SBE)
_D0.00
_e5417
_FCBU-SCHOOL TEXTBOOK COLLECTIONS
_H1
_I0.00
_jSCHOOL TEXTBOOK
_M7
_UAVAILABLE
_WSep 8, 2009
_y5417
_ZSchool Collections
999 _c83099
_d83099